[Event "South FR-ch"]
[Site "Maikop"]
[Date "2018.03.27"]
[Round "4"]
[White "Osipov, Aleksandr"]
[Black "Zhukov, Viktor I"]
[Result "1-0"]
[WhiteElo "2015"]
[BlackElo "1963"]
[PlyCount "41"]
[EventDate "2018.03.24"]
[EventType "swiss"]
[EventRounds "9"]
[EventCountry "RUS"]
[SourceTitle "EXT 2019"]
[Source "ChessBase"]
[SourceDate "2018.10.10"]
[SourceVersion "1"]
[SourceVersionDate "2018.10.10"]
[SourceQuality "1"]

1. d4 f5 2. Nf3 Nf6 3. Bf4 c5 4. e3 cxd4 5. exd4 Qb6 6. Nc3 a6 7. Rb1 e6 8. Be2 Nc6 9. 0-0 d5 10. b4 Nxb4 11. a3 Qc6 12. Qd2 Ne4 13. Nxe4 fxe4 14. Ne5 Qxc2 15. axb4 Qxd2 16. Bxd2 Bd6 17. f4 0-0 18. Be3 a5 19. bxa5 Rxa5 20. Ra1 Rxa1 21. Rxa1 1-0

[Event "Sochi Doroshkevich Amateur op"]
[Site "Sochi"]
[Date "2017.12.27"]
[Round "8"]
[White "Bigvava, Roland"]
[Black "Zhukov, Viktor I"]
[Result "1/2-1/2"]
[WhiteElo "1788"]
[BlackElo "1995"]
[PlyCount "64"]
[EventDate "2017.12.21"]
[EventType "swiss"]
[EventRounds "9"]
[EventCountry "RUS"]
[SourceTitle "CBM 182 Extra"]
[Source "ChessBase"]
[SourceDate "2018.02.23"]
[SourceVersion "1"]
[SourceVersionDate "2018.02.23"]
[SourceQuality "1"]

1. e4 c5 2. Nf3 d6 3. d4 cxd4 4. Nxd4 Nf6 5. Nc3 g6 6. Be2 Bg7 7. Be3 Nc6 8. 0-0 0-0 9. Qd2 Bd7 10. f3 Rc8 11. Ncb5 a6 12. Na3 d5 13. Nxc6 Bxc6 14. e5 Nd7 15. f4 e6 16. c3 f6 17. exf6 Nxf6 18. Bf3 Qc7 19. Bd4 Bh6 20. Qe3 Rce8 21. Be5 Qe7 22. c4 Nd7 23. g3 Nxe5 24. Qxe5 Bg7 25. Qe2 Qc5+ 26. Kg2 e5 27. cxd5 Bxd5 28. Rac1 e4 29. Rxc5 exf3+ 30. Qxf3 Re2+ 31. Kh3 Bxf3 32. Rxf3 Bxb2 1/2-1/2

[Event "Sochi Tseshkovsky Memorial op"]
[Site "Sochi"]
[Date "2014.09.24"]
[Round "8"]
[White "Rjabzev, Konstantin"]
[Black "Zhukov, Viktor I"]
[Result "1-0"]
[WhiteElo "2306"]
[BlackElo "2084"]
[PlyCount "53"]
[EventDate "2014.09.17"]
[EventType "swiss"]
[EventRounds "9"]
[EventCountry "RUS"]
[SourceTitle "CBM 162 Extra"]
[Source "ChessBase"]
[SourceDate "2014.10.17"]
[SourceVersion "1"]
[SourceVersionDate "2014.10.17"]
[SourceQuality "1"]

1. e4 e5 2. Nf3 Nc6 3. Bc4 Nf6 4. d3 Be7 5. Nbd2 d6 6. c3 0-0 7. Bb3 Na5 8. Bc2 c5 9. Nf1 Nc6 10. Ng3 Re8 11. 0-0 Bf8 12. h3 g6 13. Re1 Bg7 14. Bg5 h6 15. Be3 b6 16. Qd2 Kh7 17. d4 Qc7 18. Rac1 a5 19. a4 Ba6 20. d5 Ne7 21. b3 Bc8 22. Bd3 Bd7 23. Qc2 Qc8 24. Nd2 g5 25. Nc4 Qc7 26. Be2 Bf8 27. Rcd1 1-0

[Event "Sochi Tseshkovsky Memorial op"]
[Site "Sochi"]
[Date "2014.09.22"]
[Round "6"]
[White "Esipenko, Aleksandr"]
[Black "Zhukov, Viktor I"]
[Result "0-1"]
[WhiteElo "1633"]
[BlackElo "2084"]
[PlyCount "96"]
[EventDate "2014.09.17"]
[EventType "swiss"]
[EventRounds "9"]
[EventCountry "RUS"]
[SourceTitle "CBM 162 Extra"]
[Source "ChessBase"]
[SourceDate "2014.10.17"]
[SourceVersion "1"]
[SourceVersionDate "2014.10.17"]
[SourceQuality "1"]

1. e4 c5 2. c3 d5 3. exd5 Qxd5 4. d4 Nf6 5. Nf3 e6 6. Bd3 Nc6 7. dxc5 Bxc5 8. Qe2 0-0 9. 0-0 e5 10. Nbd2 Bg4 11. Ne4 Be7 12. Bg5 Nh5 13. Rfd1 Qe6 14. b3 Bxg5 15. Nexg5 Qh6 16. Qe3 Nf6 17. Re1 Bxf3 18. Nxf3 Qxe3 19. Rxe3 Nd5 20. Ree1 Nxc3 21. Nxe5 Nb4 22. a3 Nxd3 23. Nxd3 Rfd8 24. Nc5 b6 25. Rac1 Nb5 26. a4 Nd4 27. Nb7 Re8 28. Kf1 Nxb3 29. Rcd1 Rxe1+ 30. Rxe1 Kf8 31. Nd6 Nc5 32. a5 Rd8 33. Nb5 a6 34. Na7 bxa5 35. Rc1 Nb3 36. Rc3 a4 37. Nc6 Ra8 38. Nb4 Nd4 39. g3 Rb8 40. Na2 Rb1+ 41. Kg2 Nb5 42. Rc4 a3 43. Ra4 Ra1 44. Nb4 Rb1 45. Nd5 g6 46. Nb4 Rb2 47. Nd3 Rd2 48. Nb4 Rd4 0-1

[Event "Sochi Tseshkovsky Memorial op"]
[Site "Sochi"]
[Date "2014.09.18"]
[Round "2"]
[White "Zlydneva, Ekaterina"]
[Black "Zhukov, Viktor I"]
[Result "0-1"]
[WhiteElo "1640"]
[BlackElo "2084"]
[PlyCount "37"]
[EventDate "2014.09.17"]
[EventType "swiss"]
[EventRounds "9"]
[EventCountry "RUS"]
[SourceTitle "CBM 162 Extra"]
[Source "ChessBase"]
[SourceDate "2014.10.17"]
[SourceVersion "1"]
[SourceVersionDate "2014.10.17"]
[SourceQuality "1"]

1. e4 c5 2. Nf3 d6 3. d4 cxd4 4. Nxd4 Nf6 5. Nc3 g6 6. Be3 Bg7 7. Qd2 h5 8. Be2 Nc6 9. 0-0-0 Bd7 10. h3 Rc8 11. f3 Ne5 12. g4 Nc4 13. Bxc4 Rxc4 14. Ndb5 a6 15. Na3 Rc8 16. g5 Nh7 17. Nd5 Be6 18. Bb6 Qd7 19. Bd4 0-1

[Event "Wch Seniors 23rd"]
[Site "Opatija"]
[Date "2013.11.18"]
[Round "6"]
[White "Zhukov, Viktor I"]
[Black "Hammar, Bengt Erik"]
[Result "0-1"]
[WhiteElo "2069"]
[BlackElo "2231"]
[PlyCount "78"]
[EventDate "2013.11.12"]
[EventType "swiss"]
[EventRounds "11"]
[EventCountry "CRO"]
[SourceTitle "CBM 157 Extra"]
[Source "ChessBase"]
[SourceDate "2013.12.19"]
[SourceVersion "1"]
[SourceVersionDate "2013.12.19"]
[SourceQuality "1"]

1. e4 c5 2. Nf3 d6 3. d4 cxd4 4. Nxd4 Nf6 5. Nc3 a6 6. Bc4 e6 7. Bb3 Nbd7 8. Bg5 Nc5 9. f3 Be7 10. Be3 Qc7 11. Qd2 b5 12. a3 Nxb3 13. Nxb3 0-0 14. Qf2 Nd7 15. 0-0 Bb7 16. Rad1 Rac8 17. Qg3 Rfe8 18. Nd4 Ne5 19. Nde2 Bf8 20. f4 Nc4 21. Bc1 Kh8 22. b3 Nb6 23. Bb2 e5 24. f5 f6 25. Qh4 Red8 26. Rd3 d5 27. Rh3 h6 28. Bc1 Qf7 29. exd5 Nxd5 30. Rg3 Nxc3 31. Nxc3 Rd4 32. Qh3 Rd7 33. Rg6 a5 34. b4 axb4 35. axb4 Rc4 36. Nd1 Rxc2 37. Ne3 Rd3 38. Qh5 Rxe3 39. Bxe3 Rxg2+ 0-1

[Event "Wch Seniors 23rd"]
[Site "Opatija"]
[Date "2013.11.16"]
[Round "5"]
[White "Choong, Liong On Mark"]
[Black "Zhukov, Viktor I"]
[Result "0-1"]
[WhiteElo "1924"]
[BlackElo "2069"]
[PlyCount "84"]
[EventDate "2013.11.12"]
[EventType "swiss"]
[EventRounds "11"]
[EventCountry "CRO"]
[SourceTitle "CBM 157 Extra"]
[Source "ChessBase"]
[SourceDate "2013.12.19"]
[SourceVersion "1"]
[SourceVersionDate "2013.12.19"]
[SourceQuality "1"]

1. b3 Nf6 2. Bb2 e6 3. f4 c5 4. Nf3 Be7 5. e3 0-0 6. c4 b6 7. d3 Bb7 8. e4 d5 9. e5 Ne8 10. Qe2 Nc7 11. Nbd2 Nd7 12. g3 f6 13. Bh3 f5 14. Rg1 Kh8 15. 0-0-0 b5 16. g4 g6 17. Bf1 Qe8 18. h4 fxg4 19. Rxg4 h5 20. Rg1 Rxf4 21. Ng5 Bxg5 22. Rxg5 Qf7 23. Qg2 Rg8 24. Qg3 Nf8 25. Be2 Nh7 26. Rg1 Nxg5 27. Qxg5 Kh7 28. Qg3 d4 29. Kd1 Qf5 30. Bc1 Qxe5 31. Nf3 Bxf3 32. Bxf3 Rf5 33. Qg2 bxc4 34. bxc4 Qf6 35. Be4 Qxh4 36. Qd2 Kg7 37. Bxf5 exf5 38. Qa5 Qe7 39. Re1 Qd6 40. Qxa7 Ra8 41. Qb7 Rxa2 42. Re8 Qh2 0-1

[Event "Wch Seniors 23rd"]
[Site "Opatija"]
[Date "2013.11.13"]
[Round "2"]
[White "Zhukov, Viktor I"]
[Black "Pritchett, Craig William"]
[Result "1-0"]
[WhiteElo "2069"]
[BlackElo "2359"]
[PlyCount "55"]
[EventDate "2013.11.12"]
[EventType "swiss"]
[EventRounds "11"]
[EventCountry "CRO"]
[SourceTitle "CBM 157 Extra"]
[Source "ChessBase"]
[SourceDate "2013.12.19"]
[SourceVersion "1"]
[SourceVersionDate "2013.12.19"]
[SourceQuality "1"]

1. e4 c5 2. Nf3 e6 3. d4 cxd4 4. Nxd4 a6 5. Nc3 Qc7 6. Bd3 Bc5 7. Nb3 Be7 8. 0-0 Nf6 9. Qe2 Nc6 10. f4 d6 11. a4 b6 12. Bd2 0-0 13. Rae1 Nd7 14. Rf3 Nc5 15. Be3 Nxd3 16. cxd3 Rb8 17. d4 Na5 18. Nd2 b5 19. axb5 axb5 20. Rh3 g6 21. e5 d5 22. f5 b4 23. f6 bxc3 24. Qg4 cxd2 25. Bxd2 Re8 26. Rxh7 Kxh7 27. Qh4+ Kg8 28. Bh6 1-0

[Event "Voronezh op-B 17th"]
[Site "Voronezh"]
[Date "2013.06.17"]
[Round "7"]
[White "Denishev, Marat"]
[Black "Zhukov, Viktor I"]
[Result "1-0"]
[WhiteElo "2210"]
[BlackElo "2060"]
[PlyCount "45"]
[EventDate "2013.06.12"]
[EventType "swiss"]
[EventRounds "9"]
[EventCountry "RUS"]
[SourceTitle "EXT 2014"]
[Source "ChessBase"]
[SourceDate "2013.11.20"]
[SourceVersion "1"]
[SourceVersionDate "2013.11.20"]
[SourceQuality "1"]

1. d4 Nf6 2. Nf3 g6 3. Bf4 Bg7 4. e3 d6 5. h3 0-0 6. Nbd2 Re8 7. Be2 Nbd7 8. 0-0 b6 9. c3 Bb7 10. a4 a5 11. Qc2 e5 12. dxe5 dxe5 13. Bh2 Qe7 14. Rfd1 e4 15. Nd4 Ne5 16. Bb5 Rec8 17. Rab1 c5 18. Ne2 Bh6 19. Bxe5 Qxe5 20. Nc4 Qc7 21. Rd6 Nd5 22. Rd7 Qb8 23. Rd1 1-0

[Event "Voronezh op-B 17th"]
[Site "Voronezh"]
[Date "2013.06.14"]
[Round "3"]
[White "Kozlov, Sergej A"]
[Black "Zhukov, Viktor I"]
[Result "1-0"]
[WhiteElo "1886"]
[BlackElo "2060"]
[PlyCount "53"]
[EventDate "2013.06.12"]
[EventType "swiss"]
[EventRounds "9"]
[EventCountry "RUS"]
[SourceTitle "EXT 2014"]
[Source "ChessBase"]
[SourceDate "2013.11.20"]
[SourceVersion "1"]
[SourceVersionDate "2013.11.20"]
[SourceQuality "1"]

1. d4 Nf6 2. c4 g6 3. Nc3 Bg7 4. e4 0-0 5. Nf3 d6 6. Be2 e5 7. dxe5 dxe5 8. Qxd8 Rxd8 9. Bg5 Re8 10. Nd5 Nxd5 11. cxd5 c6 12. Bc4 b5 13. Bb3 Bb7 14. 0-0-0 c5 15. d6 Nd7 16. Bd5 Bxd5 17. Rxd5 f6 18. Be3 Rac8 19. a4 Bf8 20. axb5 Rb8 21. b4 Rec8 22. bxc5 Rxb5 23. Kd2 Nxc5 24. Bxc5 Rbxc5 25. Rxc5 Rxc5 26. d7 Be7 27. Rb1 1-0

[Event "Voronezh op-B 17th"]
[Site "Voronezh"]
[Date "2013.06.13"]
[Round "2"]
[White "Zhukov, Viktor I"]
[Black "Pavlova, Nataliy"]
[Result "0-1"]
[WhiteElo "2060"]
[BlackElo "1948"]
[PlyCount "42"]
[EventDate "2013.06.12"]
[EventType "swiss"]
[EventRounds "9"]
[EventCountry "RUS"]
[SourceTitle "EXT 2014"]
[Source "ChessBase"]
[SourceDate "2013.11.20"]
[SourceVersion "1"]
[SourceVersionDate "2013.11.20"]
[SourceQuality "1"]

1. e4 c5 2. Nf3 Nc6 3. Bb5 g6 4. 0-0 Bg7 5. c3 d5 6. Qa4 Qd6 7. e5 Qc7 8. d4 c4 9. b3 cxb3 10. axb3 e6 11. Ba3 Bd7 12. c4 Bf8 13. cxd5 exd5 14. Nc3 Nge7 15. Rac1 Qd8 16. Bxe7 Nxe7 17. e6 fxe6 18. Ne5 Nc6 19. Nxc6 bxc6 20. Bxc6 Rc8 21. Nxd5 Bxc6 0-1

[Event "Voronezh op-B 17th"]
[Site "Voronezh"]
[Date "2013.06.12"]
[Round "1"]
[White "Chernyshov, Mikhail"]
[Black "Zhukov, Viktor I"]
[Result "0-1"]
[WhiteElo "1807"]
[BlackElo "2060"]
[PlyCount "64"]
[EventDate "2013.06.12"]
[EventType "swiss"]
[EventRounds "9"]
[EventCountry "RUS"]
[SourceTitle "EXT 2014"]
[Source "ChessBase"]
[SourceDate "2013.11.20"]
[SourceVersion "1"]
[SourceVersionDate "2013.11.20"]
[SourceQuality "1"]

1. e4 c5 2. Nf3 d6 3. d4 cxd4 4. Nxd4 Nf6 5. Nc3 g6 6. Be3 Bg7 7. f3 Nc6 8. Qd2 0-0 9. 0-0-0 d5 10. exd5 Nxd5 11. Nxc6 bxc6 12. Bd4 e5 13. Bc5 Be6 14. Ne4 Rb8 15. c4 Nb6 16. Qc2 Qe8 17. Bxf8 Qxf8 18. Be2 Qe7 19. Kb1 f5 20. Nd2 e4 21. Nb3 Na4 22. fxe4 Nxb2 23. Rde1 Na4 24. Bd3 Nc3+ 25. Kc1 Qg5+ 26. Qd2 Nxa2+ 27. Kd1 Qd8 28. Nc5 Nc3+ 29. Kc2 Nxe4 30. Nxe6 Rb2+ 31. Kc1 Rxd2 32. Nxd8 Rxd3 0-1

[Event "Doroshkevich Memorial op"]
[Site "Sochi"]
[Date "2012.11.30"]
[Round "5"]
[White "Zhukov, Viktor I"]
[Black "Rozhko, Dmitry"]
[Result "0-1"]
[WhiteElo "2059"]
[BlackElo "2359"]
[PlyCount "27"]
[EventDate "2012.11.26"]
[EventType "swiss"]
[EventRounds "9"]
[EventCountry "RUS"]
[SourceTitle "EXT 2014"]
[Source "ChessBase"]
[SourceDate "2013.11.20"]
[SourceVersion "1"]
[SourceVersionDate "2013.11.20"]
[SourceQuality "1"]

1. e4 e6 2. d4 d5 3. Nd2 c5 4. exd5 Qxd5 5. Ngf3 cxd4 6. Bc4 Qd6 7. 0-0 Nc6 8. Nb3 Nf6 9. Nbxd4 Nxd4 10. Nxd4 a6 11. c3 Qc7 12. Qe2 Bd6 13. h3 0-0 14. Bg5 0-1

[Event "South FR-ch"]
[Site "Armavir"]
[Date "2012.03.??"]
[Round "2"]
[White "Aivazian, Grigory"]
[Black "Zhukov, Viktor I"]
[Result "0-1"]
[WhiteElo "1939"]
[BlackElo "2068"]
[PlyCount "116"]
[EventDate "2012.03.11"]
[EventType "swiss"]
[EventRounds "9"]
[EventCountry "RUS"]
[SourceTitle "EXT 2023"]
[Source "ChessBase"]
[SourceDate "2022.10.05"]
[SourceVersion "1"]
[SourceVersionDate "2022.10.05"]
[SourceQuality "1"]

1. e4 c5 2. Nf3 a6 3. d4 cxd4 4. Nxd4 Nf6 5. Nc3 e5 6. Nb3 Bb4 7. Qd3 d5 8. exd5 Qxd5 9. Bd2 Qe6 10. a3 Be7 11. Qc4 0-0 12. Qxe6 Bxe6 13. Be2 Nc6 14. 0-0 Rfd8 15. Bg5 Bf5 16. Rac1 h6 17. Bh4 Rac8 18. Bf3 e4 19. Be2 Ne5 20. Rfd1 Rxd1+ 21. Nxd1 Ng6 22. Bg3 Nd5 23. Nd4 Bd7 24. Ne3 Bg5 25. Nxd5 Bxc1 26. Nb6 Bxb2 27. Nxc8 Bxc8 28. Nb3 Bxa3 29. Nd2 f5 30. Bh5 Ne7 31. Nc4 Bc5 32. Nd6 b5 33. Nxc8 Nxc8 34. Bc7 Ne7 35. Ba5 g6 36. Be2 Nc6 37. Bd2 g5 38. g3 Kg7 39. c3 Kf6 40. h4 Ne5 41. hxg5+ hxg5 42. Bc1 Nc4 43. Bh5 a5 44. Be8 Nd6 45. Bc6 a4 46. c4 bxc4 47. Bxa4 c3 48. Kf1 Nc4 49. Ke2 Ba3 50. Bxa3 Nxa3 51. Bb3 Ke5 52. Ba4 f4 53. gxf4+ gxf4 54. Bb3 c2 55. Kd2 e3+ 56. fxe3 fxe3+ 57. Kc1 e2 58. Kd2 e1Q+ 0-1

[Event "South FR-ch"]
[Site "Armavir"]
[Date "2012.03.??"]
[Round "1"]
[White "Zhukov, Viktor I"]
[Black "Kornyukov, Alexey"]
[Result "0-1"]
[WhiteElo "2068"]
[BlackElo "2463"]
[PlyCount "98"]
[EventDate "2012.03.11"]
[EventType "swiss"]
[EventRounds "9"]
[EventCountry "RUS"]
[SourceTitle "EXT 2023"]
[Source "ChessBase"]
[SourceDate "2022.10.05"]
[SourceVersion "1"]
[SourceVersionDate "2022.10.05"]
[SourceQuality "1"]

1. e4 c5 2. Nf3 Nc6 3. d4 cxd4 4. Nxd4 Nf6 5. Nc3 e5 6. Ndb5 d6 7. Bg5 a6 8. Na3 b5 9. Nd5 Be7 10. Bxf6 Bxf6 11. c3 0-0 12. Nc2 Bg5 13. a4 bxa4 14. Rxa4 a5 15. Bc4 Rb8 16. b3 Kh8 17. Nce3 g6 18. 0-0 Bd7 19. Ra2 Bh6 20. g3 f5 21. exf5 gxf5 22. Qh5 Qg5 23. Qxg5 Bxg5 24. f4 Bd8 25. Raf2 Ne7 26. Rd2 Ng6 27. Ng2 Bb5 28. fxe5 dxe5 29. Bxb5 Rxb5 30. b4 axb4 31. cxb4 e4 32. Nge3 Ne5 33. Rdd1 Nf3+ 34. Kg2 Bg5 35. Rxf3 exf3+ 36. Kxf3 Bxe3 37. Nxe3 Rxb4 38. Ng2 Rb3+ 39. Kf2 Rb2+ 40. Kg1 Rfb8 41. Nh4 Rb1 42. Rxb1 Rxb1+ 43. Kg2 Rb5 44. Kf3 Kg7 45. Ng2 Kf6 46. Ne3 Rb3 47. Kf4 Rb4+ 48. Kf3 Ke5 49. h3 Rb3 0-1

[Event "Lipetsk Region-ch Seniors"]
[Site "Lipetsk"]
[Date "2009.03.10"]
[Round "3"]
[White "Filin, Alexander"]
[Black "Zhukov, Viktor I"]
[Result "1-0"]
[WhiteElo "2151"]
[BlackElo "2041"]
[PlyCount "161"]
[EventDate "2009.03.08"]
[EventType "swiss"]
[EventRounds "9"]
[EventCountry "RUS"]
[SourceTitle "EXT 2022"]
[Source "ChessBase"]
[SourceDate "2021.10.06"]
[SourceVersion "1"]
[SourceVersionDate "2021.10.06"]
[SourceQuality "1"]

1. Nf3 Nf6 2. b4 e6 3. a3 c5 4. b5 a6 5. e3 axb5 6. Bxb5 Nc6 7. c4 Be7 8. Qc2 0-0 9. Bb2 d5 10. 0-0 Na7 11. a4 Nxb5 12. axb5 Rxa1 13. Bxa1 Qb6 14. d3 Bd7 15. Nc3 Ra8 16. Bb2 Qc7 17. Ne2 Ra2 18. Qb3 Ra8 19. Nf4 d4 20. Bc1 e5 21. Ne2 Bg4 22. Ng3 Bd6 23. Nd2 h6 24. Re1 Qa5 25. h3 Be6 26. Qd1 Qc7 27. Nb3 Ra2 28. Re2 Ra8 29. Rc2 Ra4 30. Qe2 b6 31. Qf3 Bc8 32. e4 Qd8 33. Nd2 Ra1 34. Kh2 g6 35. Ndf1 Kg7 36. Qe2 Bb7 37. Qd2 Ng8 38. Ne2 f5 39. exf5 e4+ 40. Nfg3 g5 41. Bb2 Rf1 42. dxe4 Nf6 43. Bxd4 cxd4 44. Nxd4 Qb8 45. Ne6+ Kf7 46. Qe2 Rb1 47. c5 bxc5 48. Qc4 Ke7 49. Nxc5 Bc8 50. Na6 Qb7 51. Qxc8 Qxc8 52. Rxc8 Nxe4 53. Rc2 Rxb5 54. Re2 Re5 55. Kg1 Nxg3 56. Rxe5+ Bxe5 57. fxg3 Bxg3 58. Nc5 h5 59. Ne4 Bf4 60. g3 Bc1 61. Kf2 g4 62. Kg2 Bh6 63. hxg4 hxg4 64. Nf2 Kf7 65. Nxg4 Bg5 66. Kf3 Bc1 67. Ke4 Bd2 68. Ne5+ Kf6 69. g4 Bc1 70. Nf3 Kf7 71. g5 Bb2 72. Ne5+ Ke7 73. Kd5 Bc3 74. f6+ Kf8 75. g6 Kg8 76. Ke6 Bb2 77. Ng4 Bc1 78. Ke7 Ba3+ 79. Ke8 Bf8 80. Ne3 Bc5 81. Nf5 1-0